| 000 | 00706nam a22002297a 4500 | ||
|---|---|---|---|
| 001 | 8968 | ||
| 003 | FISKH | ||
| 005 | 20251111152639.0 | ||
| 008 | 251111b cb ||||| |||| 00| 0 eng d | ||
| 020 | _a9781782090939 | ||
| 040 |
_aFISKH _beng _cFISKH _dFISKH |
||
| 082 | _a591 | ||
| 100 | _aJohnson, Jinny | ||
| 245 |
_aWild nature : _bAnimal giants / _cby Miles Kelly Publishing |
||
| 250 | _aThis edition published in 2013 | ||
| 260 |
_aEssex : _bMiles Kelly, _c2010 |
||
| 300 |
_a40 pages : _bcolor illustrations ; _c28 cm |
||
| 520 | _aDiscover some of nature's biggest giants through jaw-dropping facts and dramatic photos. | ||
| 650 |
_aGiants _x Animals |
||
| 942 |
_2ddc _cBK _n0 |
||
| 999 |
_c8968 _d8968 |
||